000 00550nam a2200169Ia 4500
008 090201s9999 xx 000 0 und d
010 _aKPL-52253
040 _bमराठी
041 _aमराठी
082 _a16019
_b52253
100 _aशान्ता ज शेळके
245 _aआवड-निवड
_cशान्ता ज शेळके
260 _c2004
_bज्ञानदा पब्लिकेशन प्रा.लि.
300 _a198
_bमोठा
600 _aआवड-निवड
942 _cBOOK
999 _c216099
_d216099